000 00308nam a2200121Ia 4500
005 20251222155131.0
008 251222s9999||||xx |||||||||||||| ||spa||
082 _aEDUM.50
100 _aPOLO SANTILLAN,Miguel.
245 0 _aLa morada del hombre ensayos sobre la vida ética
264 _bUNMSM
942 _cLIB
999 _c38803
_d38803